[Event "SIN-ch"]
[Site "Singapore"]
[Date "2009.01.06"]
[Round "5"]
[White "Neubronner, Jarred Jason"]
[Black "Chua, Zheng Yuan Terry"]
[Result "0-1"]
[WhiteElo "2188"]
[BlackElo "2215"]
[PlyCount "186"]
[EventDate "2009.01.03"]
[EventType "swiss"]
[EventRounds "9"]
[EventCountry "SIN"]
[SourceTitle "CBM 128 Extra"]
[Source "ChessBase"]
[SourceDate "2009.03.05"]
[SourceVersion "2"]
[SourceVersionDate "2009.03.25"]
[SourceQuality "1"]

1. e4 e6 2. d4 d5 3. Nc3 dxe4 4. Nxe4 Bd7 5. Nf3 Bc6 6. Bd3 Nd7 7. 0-0 Ngf6 8. Ng3 Be7 9. Re1 0-0 10. Qe2 Bxf3 11. Qxf3 c6 12. c3 Nd5 13. Bd2 Qc7 14. Rad1 Rad8 15. c4 Nb4 16. Bb1 Nf6 17. Bf4 Qa5 18. a3 Na6 19. Be5 Nb8 20. b4 Qa6 21. Qb3 Nbd7 22. Bf4 Rfe8 23. Bd3 b5 24. Bc7 Rc8 25. Be5 Nb6 26. c5 Qa4 27. Qb2 Nbd5 28. Ne4 Nxe4 29. Bxe4 Rcd8 30. Bg3 Qa6 31. Bd3 Rd7 32. Ra1 Qb7 33. a4 a6 34. axb5 axb5 35. Ra5 Red8 36. Bf1 Ra8 37. Rea1 Rxa5 38. Rxa5 Bd8 39. Ra3 h6 40. h3 Bc7 41. Bxc7 Rxc7 42. g3 Rc8 43. Bg2 Qd7 44. Bxd5 Qxd5 45. Qa1 Kh7 46. Ra8 Rc7 47. Ra7 Rxa7 48. Qxa7 Qxd4 49. Qa3 Qd1+ 50. Kg2 Qd5+ 51. Kg1 e5 52. Qc3 e4 53. Qe3 Kg6 54. Qf4 f5 55. h4 Kf6 56. Qb8 Qd1+ 57. Kg2 Qf3+ 58. Kg1 Qd1+ 59. Kg2 Qd7 60. Qf4 Qd5 61. Kg1 Qd1+ 62. Kg2 Qd5 63. Kg1 Qe5 64. Qd2 e3 65. fxe3 Qxg3+ 66. Kf1 Qh3+ 67. Kg1 Qg3+ 68. Kf1 Qf3+ 69. Kg1 Qg4+ 70. Kf1 Qc4+ 71. Kg1 Qe4 72. Qd6+ Qe6 73. Qf4 Qe5 74. Qf2 Qa1+ 75. Kg2 Qb1 76. Qd2 Qe4+ 77. Kg1 Qg4+ 78. Kf1 Qf3+ 79. Kg1 Kg6 80. Qd6+ Kh7 81. Qd4 Qg3+ 82. Kf1 Kg6 83. Qd2 Qf3+ 84. Kg1 Qg3+ 85. Kf1 Qf3+ 86. Kg1 Qe4 87. Qf2 Qxb4 88. h5+ Kg5 89. Kf1 Qb1+ 90. Kg2 Qe4+ 91. Kf1 Qh1+ 92. Ke2 Qxh5+ 93. Kd2 Qg4 0-1